AMATE Y SANA TU VIDA (Registro nro. 29489)
[ vista simple ]
| 000 -LEADER | |
|---|---|
| fixed length control field | 00421nam a2200181 a 4500 |
| 001 - CONTROL NUMBER | |
| control field | 29489 |
| 005 - DATE AND TIME OF LATEST TRANSACTION | |
| control field | 20180713232537.0 |
| 008 - FIXED-LENGTH DATA ELEMENTS--GENERAL INFORMATION | |
| fixed length control field | 140415s1995 000 0 spa d |
| 020 ## - INTERNATIONAL STANDARD BOOK NUMBER | |
| International Standard Book Number | 9681323939 |
| 041 ## - LANGUAGE CODE | |
| Language code of text/sound track or separate title | spa |
| 082 ## - DEWEY DECIMAL CLASSIFICATION NUMBER | |
| Classification number | 269 |
| Item number | HAY |
| 100 1# - MAIN ENTRY--PERSONAL NAME | |
| Personal name | I HAY, LOUIS |
| 245 10 - TITLE STATEMENT | |
| Title | AMATE Y SANA TU VIDA |
| 250 ## - EDITION STATEMENT | |
| Edition statement | 5° EDICIÓN |
| 260 ## - PUBLICATION, DISTRIBUTION, ETC. | |
| Place of publication, distribution, etc. | [s.l.] : |
| Name of publisher, distributor, etc. | DIANA, |
| Date of publication, distribution, etc. | 1995 |
| 300 ## - PHYSICAL DESCRIPTION | |
| Extent | 185 |
| 520 ## - SUMMARY, ETC. | |
| Summary, etc. | CG |
| Withdrawn status | Lost status | Source of classification or shelving scheme | Damaged status | Not for loan | Collection code | Home library | Current library | Shelving location | Date acquired | Source of acquisition | Total Checkouts | Full call number | Barcode | Checked out | Date last seen | Date last checked out | Price effective from | Koha item type |
|---|---|---|---|---|---|---|---|---|---|---|---|---|---|---|---|---|---|---|
| Dewey Decimal Classification | General | Tehuacán | Tehuacán | Sala general | 03/12/2013 | Compra | 1 | 269 HAY | 503566 | 12/06/2017 | 12/06/2017 | 12/06/2017 | 03/12/2013 | Libro |